000 01313nam0a22002771 4500
001 rc\314835
005 20250210095451.0
010 _a5-02-010769-7
_91350
035 _a(NLR Aleph) 008745098
090 _a9547775
_c9547775
100 _a20030307d1990 u |0rusy50 ca
101 0 _arus
102 _aRU
105 _aa |||||||||
200 1 _aПути к технологическому сотрудничеству
_e(Тенденции 80-х гг.)
_e[Сб. ст.]
_fАН СССР, Ин-т экономики и прогнозирования науч.-техн. прогресса, Науч. совет по пробл. экон. и науч.-техн. сотрудничества СССР с соц. странами
_gОтв. ред. Ю.С. Ширяев
210 _aМ.
_cНаука
_d1990
215 _a222, [2] с.
_cил.
_d21
225 1 _aСЭВ: наука - производство - сотрудничество
702 1 _aШиряев
_bЮ. С.
_f1932-1989
_gЮрий Семенович
_4340
712 0 2 _aИнститут экономики и прогнозирования науч.-техн. прогресса
_cМосква
_3RU\NLR\AUTH\889946298
801 0 _aRU
_bNLR
_gpsbo
801 1 _aRU
_bELAR
_2rusmarc
852 _aNLR
_j90-3/7045
942 _cBOOK
980 _aNB